تأثير منظمة الأيوسكو علي أسواق المال العالمية (مشاكل وحلول) / (Record no. 60650)
[ view plain ]
| 000 -LEADER | |
|---|---|
| fixed length control field | 04563nam a2200409 i 4500 |
| 003 - CONTROL NUMBER IDENTIFIER | |
| control field | EG-GICUC |
| 005 - أخر تعامل مع التسجيلة | |
| control field | 20260203152126.0 |
| 008 - FIXED-LENGTH DATA ELEMENTS--GENERAL INFORMATION | |
| fixed length control field | 260203s2025 ua |||f m||| 00| 0 ara d |
| 040 ## - CATALOGING SOURCE | |
| Original cataloguing agency | EG-GICUC |
| Transcribing agency | EG-GICUC |
| Modifying agency | EG-GICUC |
| Description conventions | rda |
| Language of cataloging: | ara |
| 041 0# - LANGUAGE CODE | |
| Language code of text/sound track or separate title | ara |
| 049 ## - Acquisition Source | |
| Acquisition Source | إهداء |
| 082 04 - DEWEY DECIMAL CLASSIFICATION NUMBER | |
| Classification number | 347.4062 |
| Edition number | 21 |
| 097 ## - Degree | |
| Degree | Ph.D |
| 099 ## - LOCAL FREE-TEXT CALL NUMBER (OCLC) | |
| Local Call Number | Law 05 PHD 2025 |
| 100 0# - MAIN ENTRY--PERSONAL NAME | |
| Authority record control number or standard number | مريم عبدالرحيم محمد زكي محمود علام |
| Preparation | مؤلف. |
| 245 10 - TITLE STATEMENT | |
| Title | تأثير منظمة الأيوسكو علي أسواق المال العالمية (مشاكل وحلول) / |
| Statement of responsibility, etc. | إعداد مريم عبدالرحيم محمد زكي محمود علام؛ إشراف الأستاذ سامي عبدالباقي أبو صالح. |
| 264 #0 - PRODUCTION, PUBLICATION, DISTRIBUTION, MANUFACTURE, AND COPYRIGHT NOTICE | |
| Place of production, publication, distribution, manufacture | القاهرة: |
| Name of producer, publisher, distributor, manufacturer | كلية الحقوق- جامعة القاهرة، |
| Date of production, publication, distribution, manufacture, or copyright notice | 2025. |
| 300 ## - PHYSICAL DESCRIPTION | |
| Extent | 540 صفحة؛ |
| Dimensions | 25 سم. |
| 336 ## - CONTENT TYPE | |
| Content type term | text |
| Source | rda content |
| 337 ## - MEDIA TYPE | |
| Media type term | Computer |
| Source | rda media |
| 338 ## - CARRIER TYPE | |
| Carrier type term | Online Resource |
| Source | rda carrier |
| 500 ## - General note | |
| General note | رسائل نسخة منفردة |
| 500 ## - General note | |
| General note | تحتوي علي صفحة عنوان باللغة الأنجليزية |
| 502 ## - DISSERTATION NOTE | |
| Dissertation note | أطروحة (دكتوراة)- جامعة القاهرة، كلية الحقوق، قسم القانون التجاري، 2025. |
| 504 ## - BIBLIOGRAPHY, ETC. NOTE | |
| Bibliography, etc. note | ببليوجرافيا: صفحات 501-540 |
| 520 3# - SUMMARY, ETC. | |
| Summary, etc. | إن حقيقة كون منظمة الأيوسكو منظمة غير تعاهدية ذات اتفاقية دولية تقضي إلى أن ما يصدر عنها غير ملزم للدول الأعضاء فيها، ولا يشكل جزءًا من تشريعاتها المتخصصة طبقا لمبدأ امتياز القواعد القانونية، وتظهر هنا مشكلة حول الفائدة التي تعود على مصر كدولة عضو في هذه المنظمة - التي يغلب على محصلة ما تقدمه الصفة الاسترشادية - كونها تعتبر من الأسواق الناشئة، ومن الطبيعي أن اقتصاد الدولة وأسواقها ستتطور لتصل إلى مراحل متنامية من النضج أسوة بالأسواق المتقدمة في العالم من المهم إذا أن تشتمل التحليلات والدراسات الوطنية على الأزمات والأخطاء والمخاطر الناجمة للعمل على تجنبها، كذلك النجاحات والتجارب المضيئة لاتباعها، ذلك أن معظم الانتقادات التي وجهت إلى المنظمة كانت عن أدائها ومدى فاعليتها في توقع الأزمات المالية العالمية (مثل أزمة شرق آسيا ۱۹۹۸) والأزمة العالمية (۲۰۰۸-۲۰۰۹) والعمل على الإنذار المبكر منها ومن مخاطرها وكيفية معالجة الأوضاع قبل حدوثها بوقت كاف. وباعتبار ما سبق فإن الشق الثاني من المشكلة يتمثل في تكوين تصور واضح للفوائد الممكنة لمصر من انضمامها إلى منظمة الأيوسكو وكيفية تعظيم هذه الفائدة.<br/>وأخيرا، فإن من المهم لمصر أن تستخدم كل الأدوات والموارد المتاحة والممكنة لترشيد عمليات صياغة التشريعات المتعقلة بالأسواق المالية وإقرارها، وما يمكن أن تحصل عليه من علم ومعلومات من المنظمات التي تعني بهذا التخصص سواء كانت مصر عضوا فيها أم لم لا، وعقد مقارنات مع دول أخرى ذات أسواق متطورة وكبيرة لتبين ما يمكن أن تتعرض له ايجابا وسلبا، وهي سائرة في مسار مشابه لما سلكوه. |
| 546 ## - LANGUAGE NOTE | |
| Text Language | الملخص باللغة العربية |
| 650 04 - SUBJECT ADDED ENTRY--TOPICAL TERM | |
| Topical term or geographic name entry element | القانون التجاري |
| 653 #0 - INDEX TERM--UNCONTROLLED | |
| Uncontrolled term | منظمة الأيوسكو |
| -- | الأسواق الناشئة |
| -- | القواعد القانونية |
| -- | الصفة الاسترشادية |
| -- | العمل علي الإنذار المبكر |
| 655 #4 - INDEX TERM--GENRE/FORM | |
| Genre/form data or focus term | رسائل جامعية |
| Geographic subdivision | جامعة القاهرة |
| General subdivision | القانون التجاري |
| 700 0# - ADDED ENTRY--PERSONAL NAME | |
| Personal name | سامي عبدالباقي أبو صالح |
| Relator term | مشرف. |
| 710 2# - ADDED ENTRY--CORPORATE NAME | |
| Corporate name or jurisdiction name as entry element | جامعة القاهرة. |
| Subordinate unit | كلية الحقوق |
| 856 ## - ELECTRONIC LOCATION AND ACCESS | |
| Uniform Resource Identifier | <a href="https://fll.law.cu.edu.eg/fulltext/th/T05-02774.pdf">https://fll.law.cu.edu.eg/fulltext/th/T05-02774.pdf</a> |
| 900 ## - Thesis Information | |
| Grant date | 2025 |
| Universities | جامعة القاهرة |
| Faculties | كلية الحقوق |
| Department | قسم القانون التجاري |
| 905 ## - Cataloger and Reviser Names | |
| Cataloger Name: | Hoda |
| 942 ## - ADDED ENTRY ELEMENTS (KOHA) | |
| Source of classification or shelving scheme | Dewey Decimal Classification |
| Koha item type | Thesis |
| Edition | 21 |
| Suppress in OPAC | No |
| Source of classification or shelving scheme | Collection | Home library | Current library | Date acquired | Full call number | Barcode | Date last seen | Copy number | Effective from | Koha item type |
|---|---|---|---|---|---|---|---|---|---|---|
| Dewey Decimal Classification | القانون التجاري | جــــامعة القــاهرة | مكتبة كلية الحقوق - المبنى الرئيسي | 03.02.2026 | Law1 05 PHD 2025 0502774 C1 | T05-02774 | 03.02.2026 | 1 | 03.02.2026 | Thesis |
| Dewey Decimal Classification | القانون التجاري | جــــامعة القــاهرة | مكتبة كلية الحقوق - المبنى الرئيسي | 03.02.2026 | Law1 05 PHD 2025 0502775 C2 | T05-02775 | 03.02.2026 | 2 | 03.02.2026 | Thesis |
| Dewey Decimal Classification | القانون التجاري | جــــامعة القــاهرة | مكتبة كلية الحقوق - فـرع الشيخ زايد | 03.02.2026 | Law2 05 PHD 2025 0502776 C3 | T05-02776 | 03.02.2026 | 3 | 03.02.2026 | Thesis |